NFL Receiving Leaders: Buffalo Bills - Statistics

General Stats
  • This quiz has been taken 27 times
  • The average score is 4 of 10
Answer Stats
Rank Player Yards Years w/ Team % Correct
4 StefonDiggs 5372 2020-2023
96%
1 AndreReed 13095 1985-1999
84%
2 EricMoulds 9096 1996-2005
60%
10 StevieJohnson 3832 2008-2013
60%
3 LeeEvans 5934 2004-2010
36%
7 ThurmanThomas 4341 1988-1999
24%
9 BobChandler 3999 1971-1979
12%
5 ElbertDubenion 5294 1960-1968
8%
8 JerryButler 4301 1979-1986
8%
6 FrankLewis 4638 1978-1983
4%
No matching quizzes found
Score Distribution
Percent of People with Each Score
Percentile by Number Answered
Your Score History
You have not taken this quiz